Čím drží svět pohromadě : (fejetony) /

Hlavní autor: Petřík, Vladimír, 1942-2001
Další autoři: Veis, Jaroslav, 1946-
Jazyk: Čeština
Vydáno: Praha : Mladá fronta, 1990
Vydání: 1. vyd.
Edice: Máj (Mladá fronta)
Témata:
Externí odkaz: Digitalizovaný dokument
Fyzický popis: 237 s. : il.
Knihy
Uloženo v:
LEADER 01301nam a22003252a 4500
001 000307499
003 CZ BrMZK
005 20080403134643.0
007 ta
008 010907s1990 xr a f cze d
015 |a cnb000055427 
020 |z 80-204-0136-6 
040 |a BOA001  |b cze 
080 |a 885.0-96(082)  |2 MRF 
100 1 |a Petřík, Vladimír,  |d 1942-2001  |7 jk01092898  |4 aut 
245 1 0 |a Čím drží svět pohromadě :  |b (fejetony) /  |c vybrali a uspořádali Vladimír Petřík a Jaroslav Veis ; ilustroval Miroslav Barták ... [et al.] 
250 |a 1. vyd. 
260 |a Praha :  |b Mladá fronta,  |c 1990 
300 |a 237 s. :  |b il. 
490 1 |a Máj ;  |v sv. 555 
700 1 |a Veis, Jaroslav,  |d 1946-  |7 jk01141898  |4 edt 
830 0 |a Máj (Mladá fronta)  |0 s 
856 4 1 |u http://www.digitalniknihovna.cz/mzk/uuid/uuid:e0012780-e9e9-11e2-9923-005056827e52  |y Digitalizovaný dokument  |x NDK 
910 |a BOA001  |b PK-0115.189  |b 2-0957.967 
920 |a 000308772 
964 |a Objevy vědecké - fejetony - sborníky 
964 |a Vynálezy technické - fejetony - sborníky 
990 |a BK 
996 7 |b 2619835937  |c 2-0957.967  |l MZK  |r Sklad / do 1 hodiny  |n 1  |w 000307499  |u 000020  |a 1  |e BOA001  |j MZK50  |s A 
996 7 |b 3119924684  |c PK-0115.189  |l MZK  |r Sklad / do 1 hodiny  |n 5  |w 000307499  |u 000010  |a 1  |e BOA001  |j MZK50  |s A